| 000 | 01399nam a2200349Ia 4500 | ||
|---|---|---|---|
| 001 | Z_6705 | ||
| 003 | CHAP | ||
| 005 | 20250516062731.0 | ||
| 008 | 220113s2014 xx 000 0 und d | ||
| 010 | _a169978 | ||
| 040 | _cCHAP | ||
| 090 | _aTesis M378 2398 | ||
| 100 |
_aMartínez Martínez, José Guadalupe _9126817 |
||
| 245 |
_aUtilización de "silvina" (Salvinia molesta D. Mitch) como ingrediente base alternativo en la alimentación de tilapia (Oreochromis sp.) / _cJosé Guadalupe Martínez Martínez |
||
| 260 |
_aMéxico : _bEl autor, _c2014 |
||
| 300 | _a75 p | ||
| 502 | _aTesis (Ingeniero Agrónomo Especialista en Zootecnia) -- UACh, 20014 \ Dirección: María del Sol Robledo y Monterrubio; asesoría: Higinio Francisco Arias Velázquez y Antonia González Embarcadero | ||
| 650 |
_aAnálisis nutricional _9145675 |
||
| 650 |
_aComercialización _9145676 |
||
| 650 |
_aMaleza _9145677 |
||
| 650 |
_aSilvina (Salvinia molesta) _9145678 |
||
| 650 | 7 |
_aTilapia (nombre común) _2 _9113299 |
|
| 700 |
_a Arias Velázquez, Higinio Francisco, asesor _9145679 |
||
| 700 |
_a González Embarcadero, Antonia, asesor _9137924 |
||
| 700 |
_aRobledo y Monterrubio, María del Sol, director _9145680 |
||
| 856 | 4 | 2 |
_uhttp://10.13.5.2/tesis/sist109568.pdf _yDescargar PDF |
| 901 | _aTESIS M378 2398 | ||
| 902 | _aM | ||
| 910 | _a2014 | ||
| 942 |
_c2 _2ddc |
||
| 942 |
_c2 _2ddc |
||
| 999 |
_c169978 _d169978 |
||